Analýza ekonomického prínosu a finančných nákladov informačných systémov podnikateľských subjektov

Náklady na vytváranie a prevádzkovanie informačných systémov v podnikateľských subjektoch rezortu poľnohospodárstva, ekonomický prínos. Návratnosť investičných nákladov.

Gespeichert in:
Bibliographische Detailangaben
1. Verfasser: Kučera, Milan
Format: Buchkapitel
Sprache:Slowakisch
Schlagworte:
Tags: Tag hinzufügen
Keine Tags, Fügen Sie das erste Tag hinzu!

MARC

LEADER 00000naa$a2200000$$$4500
001 0003529
005 20230929065329.2
041 0 |a slo 
044 |a SK 
245 1 0 |a Analýza ekonomického prínosu a finančných nákladov informačných systémov podnikateľských subjektov  |c aut. Milan Kučera 
520 |a Náklady na vytváranie a prevádzkovanie informačných systémov v podnikateľských subjektoch rezortu poľnohospodárstva, ekonomický prínos. Návratnosť investičných nákladov. 
610 2 0 |a systémy informačné 
610 2 0 |a náklady investičné 
610 2 0 |a efektívnosť ekonomická 
610 2 0 |a poľnohospodárstvo 
100 1 |a Kučera, Milan